Análisis temático de los artículos de prensa sobre el sistema educativo costarricense, publicados en 1980-1981-1982

שמור ב:
מידע ביבליוגרפי
מחבר ראשי: Sánchez Moya, Zaida
פורמט: Texto
יצא לאור: San José: CEMIE. REDUC. CIDE
נושאים:
תגים: הוספת תג
אין תגיות, היה/י הראשונ/ה לתייג את הרשומה!

MARC

LEADER 00000 a a2200000 04500
001 18033
003
040
090 |a 024900  
100 |a Sánchez Moya, Zaida  
245 |a Análisis temático de los artículos de prensa sobre el sistema educativo costarricense, publicados en 1980-1981-1982  
260 |a San José:   |b CEMIE. REDUC. CIDE  
300 |a 66 p.  
650 |a EDUCACION  
650 |a SOCIEDAD  
650 |a DOCENTES  
650 |a FAMILIA  
650 |a COMUNIDADES  
650 |a MEDIOS DE ENSEÑANZA  
650 |a ALUMNOS  
650 |a REFORMAS DE LA EDUCACION  
999 |c 12259  |d 12259